000 00713nam a2200229 i 4500
001 124612
003 ES-MaACL
005 20250813062634.0
007 t|
008 070410s1945 sp ah |||| | spa d
080 _a158.4
100 1 _aRas, Matilde,
_d1881-1969
_995477
245 1 3 _aLa inteligencia y la cultura en el grafismo
_b: los autógrafos célebres (estudios grafológicos especiales) /
_cMaltilde Ras.
260 _aBarcelona :
_bLabor,
_c[1945]
300 _a178 p. :
_bil. ;
_c17 cm.
490 1 _aColección Labor ;
_v428
500 _aFacs. intercal.
650 _aGrafología.
_913152
830 0 0 _aColección Labor
_v428
_9184254
852 _aES-MaACL
_jE-2884
999 _c124612
_d124612